01588nam a2200433 i 450000100060000000300090000600500170001500800390003201500170007102000150008802000150010304000280011804100130014604600090015908000150016808000120018310000400019524501910023524600620042626000560048830000300054433600270057433700540060133800280065538000160068338800100069950400120070952100290072165000310075065000280078165500300080965800340083970000280087370000430090170000350094471000420097970000350102185600980105652837KOSZ 00520221230114401.0050126s2005 pl a f f |001 0 pol aPB 2005/1498 a8320815495 a8320815487 aWA NcWA NdKOSZ 005/HR1 apolheng k2004 a658.14/.17 a(075.8)1 aBrigham, Eugene F.d(1930- )eAutor10aPodstawy zarządzania finansami.n1 /cEugene F. Brigham, Joel F. Houston ; red. nauk. przekł. Ryszard Kokoszczyński ; tł. Ryszard Kokoszczyński, Tomasz Pietrzak, Antoni Stolarek.1 iTyt. oryg.:aFundamentals of financial management,f2004. aWarszawa :bPolskie Wydawnictwo Ekonomiczne,c2005. a455 s. :bwykr. ;c26 cm. 2rdacontentaTekstbtxt 2rdamediaaBez urządzenia pośredniczącegobn 2rdacarrieraWoluminbnc aKsiążki a2001- aIndeks.8 aPodręcznik akademicki. 4aFinanse przedsiębiorstwa 4aZarządzanie finansami 4aPodręczniki akademickie aGospodarka, ekonomia, finanse1 aHouston, Joel F.eAutor1 aKokoszczyński, RyszardeTłumaczenie1 aPietrzak, TomaszeTłumaczenie2 aPolskie Wydawnictwo Ekonomiczne4pbl.1 aStolarek, AntonieTłumaczenie41uhttp://koha.tu.koszalin.pl/cgi-bin/koha/opac-detail.pl?biblionumber=52837yKatalog online BPK